[Event "Cap d'Agde Karpov Trophy"]
[Site "Cap d'Agde"]
[Date "2019.10.30"]
[Round "14"]
[White "Sebag, Marie"]
[Black "Hou, Yifan"]
[Result "0-1"]
[WhiteElo "2445"]
[BlackElo "2659"]
[PlyCount "128"]
[EventDate "2019.10.25"]
[EventType "tourn (rapid)"]
[EventRounds "14"]
[EventCountry "FRA"]
[EventCategory "14"]
[SourceTitle "CBM 192 Extra"]
[Source "Chessbase"]
[SourceDate "2019.11.06"]
[SourceVersion "1"]
[SourceVersionDate "2019.11.06"]
[SourceQuality "1"]

1. e4 c5 2. Nf3 e6 3. c3 d5 4. exd5 Qxd5 5. d4 Nf6 6. Na3 Qd8 7. Nc2 Nc6 8. Bd3
Be7 9. O-O O-O 10. Qe2 b6 11. Rd1 Qc7 12. c4 cxd4 13. Ncxd4 Nxd4 14. Nxd4 Bb7
15. Be3 Rad8 16. h3 h6 17. Rac1 Rd7 18. Nb3 Rfd8 19. c5 Qc6 20. f3 bxc5 21.
Nxc5 Bxc5 22. Rxc5 Qa4 23. b3 Qa3 24. Rcc1 Rd5 25. Bc4 Rxd1+ 26. Rxd1 Rxd1+ 27.
Qxd1 Bd5 28. Bd3 Qxa2 29. Qc1 Kh8 30. Bd4 Qxb3 31. Bc2 Qb7 32. Bxf6 gxf6 33.
Qxh6+ Kg8 34. Bh7+ Kh8 35. Bd3+ Kg8 36. Qxf6 Qb6+ 37. Kf1 Qe3 38. Qc3 Kf8 39.
Qa3+ Kg7 40. Qc3+ e5 41. Qc2 a5 42. Qe2 Qd4 43. Qd2 Bc4 44. Qg5+ Kf8 45. Bxc4
Qxc4+ 46. Kf2 Qd4+ 47. Ke2 a4 48. Qh6+ Ke7 49. Qa6 Qb2+ 50. Ke3 a3 51. Qc6 Qd4+
52. Ke2 Qa7 53. Qd5 Qa6+ 54. Kf2 Qb6+ 55. Kg3 Qg6+ 56. Kh2 Qd6 57. Qb7+ Kf6 58.
Qa8 e4+ 59. Kg1 Qd4+ 60. Kf1 Qd3+ 61. Ke1 e3 62. Qh8+ Ke7 63. Qh4+ f6 64. Qb4+
Kf7 0-1

[Event "Bundesliga 1920"]
[Site "Germany"]
[Date "2020.02.08"]
[Round "5.5"]
[White "Hou, Yifan"]
[Black "Olsen, Filip Boe"]
[Result "1-0"]
[WhiteElo "2659"]
[BlackElo "2348"]
[PlyCount "53"]
[EventDate "2019.11.23"]
[EventType "team-tourn"]
[EventRounds "15"]
[EventCountry "GER"]
[SourceTitle "CBM 194 Extra"]
[Source "ChessBase"]
[SourceDate "2020.03.31"]
[SourceVersion "1"]
[SourceVersionDate "2020.03.31"]
[SourceQuality "1"]
[WhiteTeam "Baden-Baden"]
[BlackTeam "Kiel Turm"]
[WhiteTeamCountry "GER"]
[BlackTeamCountry "GER"]

1. e4 c6 2. d4 d5 3. e5 Bf5 4. h4 h5 5. Bd3 Bxd3 6. Qxd3 e6 7. Ne2 c5 8. Bg5
Qa5+ 9. Nd2 Ne7 10. O-O Qa6 11. dxc5 Nec6 12. Nf4 Nxe5 13. Qc3 f6 14. Nf3 Nbd7
15. Nxe5 Nxe5 16. Rfe1 Rc8 17. Rxe5 d4 18. Qf3 fxe5 19. Ng6 e4 20. Qxe4 Rg8 21.
Ne5 g6 22. Qxd4 Rg7 23. b4 Qa4 24. Rd1 Be7 25. Bxe7 Rxe7 26. Nxg6 Rh7 27. Qf6
1-0

[Event "Salamanca Uni 9th"]
[Site "Salamanca"]
[Date "2019.11.27"]
[Round "2"]
[White "Szczepkowska, Karina"]
[Black "Hou, Yifan"]
[Result "1/2-1/2"]
[WhiteElo "2412"]
[BlackElo "2659"]
[PlyCount "124"]
[EventDate "2019.11.27"]
[EventType "tourn"]
[EventRounds "7"]
[EventCountry "ESP"]
[EventCategory "12"]
[SourceTitle "EXT 2021"]
[Source "ChessBase"]
[SourceDate "2020.10.23"]
[SourceVersion "1"]
[SourceVersionDate "2020.10.23"]
[SourceQuality "1"]

1. d4 Nf6 2. c4 e6 3. Nf3 c5 4. d5 exd5 5. cxd5 d6 6. Nc3 g6 7. h3 a6 8. a4 Qe7
9. Nd2 Nbd7 10. e4 Bg7 11. Be2 O-O 12. O-O Rb8 13. Nc4 Ne5 14. Nb6 Qc7 15. a5
Ned7 16. Nc4 b5 17. axb6 Nxb6 18. Na5 Nbd7 19. Nc4 Ne8 20. Bf4 Rb4 21. Na2 Rb8
22. Nc3 Nb6 23. Na5 f5 24. Nc6 Ra8 25. Bg5 Bb7 26. Ne7+ Kh8 27. exf5 Bf6 28.
Bxf6+ Nxf6 29. Nc6 gxf5 30. Bf3 Rae8 31. Qd3 Nbd7 32. Rfe1 Bxc6 33. dxc6 Ne5
34. Qd1 Nxc6 35. Rxe8 Rxe8 36. Nd5 Nxd5 37. Qxd5 Nd4 38. Rxa6 Qe7 39. Bh5 Rd8
40. Ra1 Rb8 41. b4 Qf6 42. Ra8 Rxa8 43. Qxa8+ Kg7 44. bxc5 dxc5 45. Qa7+ Kh6
46. Bd1 Qe5 47. Qb6+ Kg7 48. Qb7+ Kf6 49. Qb6+ Qe6 50. Qd8+ Kg7 51. Qc7+ Kg6
52. Qxc5 Qe1+ 53. Kh2 Qxd1 54. Qd6+ Kh5 55. Qd5 Kg6 56. Qd6+ Kh5 57. Qd5 Qd2
58. Qf7+ Kh6 59. Qf6+ Kh5 60. Qf7+ Kh6 61. Qf6+ Kh5 62. Qf7+ Kh6 1/2-1/2

[Event "Salamanca Uni 9th"]
[Site "Salamanca"]
[Date "2019.11.28"]
[Round "3"]
[White "Hou, Yifan"]
[Black "Santos Ruiz, Miguel"]
[Result "1/2-1/2"]
[WhiteElo "2659"]
[BlackElo "2583"]
[PlyCount "65"]
[EventDate "2019.11.27"]
[EventType "tourn"]
[EventRounds "7"]
[EventCountry "ESP"]
[EventCategory "12"]
[SourceTitle "EXT 2021"]
[Source "ChessBase"]
[SourceDate "2020.10.23"]
[SourceVersion "1"]
[SourceVersionDate "2020.10.23"]
[SourceQuality "1"]

1. e4 e5 2. Nf3 Nc6 3. Bb5 Nf6 4. d3 Bc5 5. c3 O-O 6. O-O d6 7. h3 Ne7 8. Ba4
Bb6 9. Re1 Ng6 10. Nbd2 c6 11. d4 exd4 12. cxd4 d5 13. e5 Nh5 14. Bc2 Nhf4 15.
Nf1 f6 16. Ng3 fxe5 17. Nxe5 Qh4 18. Bxg6 Nxg6 19. Nxg6 hxg6 20. Be3 Bc7 21.
Qd2 Bxg3 22. fxg3 Qxg3 23. Bf2 Qd6 24. Bh4 Bd7 25. Re5 Rae8 26. Rae1 Rxe5 27.
Rxe5 Re8 28. Bg3 Rxe5 29. Bxe5 Qe7 30. Qa5 Bf5 31. Qxa7 Be4 32. Qb8+ Kh7 33.
Qc7 1/2-1/2

[Event "Salamanca Uni 9th"]
[Site "Salamanca"]
[Date "2019.11.29"]
[Round "5"]
[White "Milliet, Sophie"]
[Black "Hou, Yifan"]
[Result "0-1"]
[WhiteElo "2394"]
[BlackElo "2659"]
[PlyCount "80"]
[EventDate "2019.11.27"]
[EventType "tourn"]
[EventRounds "7"]
[EventCountry "ESP"]
[EventCategory "12"]
[SourceTitle "EXT 2021"]
[Source "ChessBase"]
[SourceDate "2020.10.23"]
[SourceVersion "1"]
[SourceVersionDate "2020.10.23"]
[SourceQuality "1"]

1. e4 c5 2. Nf3 e6 3. g3 Nc6 4. Bg2 Nf6 5. Qe2 Be7 6. O-O d5 7. e5 Nd7 8. d3 b5
9. a4 b4 10. c4 bxc3 11. bxc3 O-O 12. h4 Rb8 13. h5 Ba6 14. h6 g6 15. Bf4 Rb3
16. Qc2 Qb8 17. c4 dxc4 18. dxc4 Rxf3 19. Bxf3 Nd4 20. Qd1 Bxc4 21. Re1 Bb3 22.
Qd3 g5 23. Nd2 Bc2 24. Qe3 gxf4 25. Qxf4 Nxf3+ 26. Nxf3 Qb4 27. Qe3 Nb6 28. Qe2
Bxa4 29. Nd2 Bb5 30. Qf3 Qxd2 31. Re3 Qc2 32. Rxa7 Nd5 33. Re1 Qd3 34. Qg4+ Qg6
35. Qh3 Nf4 36. Qh1 Ne2+ 37. Rxe2 Qb1+ 38. Kh2 Qxh1+ 39. Kxh1 Bxe2 40. Rxe7 Rc8
0-1

[Event "CHN-RUS Stars m rapid"]
[Site "Jinan"]
[Date "2019.12.12"]
[Round "1"]
[White "Hou, Yifan"]
[Black "Fedoseev, Vladimir1"]
[Result "1-0"]
[WhiteElo "2664"]
[BlackElo "2677"]
[PlyCount "53"]
[EventDate "2019.12.12"]
[EventType "match (rapid)"]
[EventRounds "4"]
[EventCountry "CHN"]
[SourceTitle "CBM 193 Extra"]
[Source "ChessBase"]
[SourceDate "2020.01.31"]
[SourceVersion "1"]
[SourceVersionDate "2020.01.31"]
[SourceQuality "1"]

1. Nf3 Nf6 2. g3 d5 3. Bg2 Nbd7 4. d4 Nb6 5. b3 Bf5 6. c4 e6 7. O-O h6 8. Nc3
c6 9. Ne5 Nbd7 10. Nd3 Be7 11. f3 c5 12. e4 dxe4 13. fxe4 Bg4 14. Ne2 Nh7 15.
h3 Bxe2 16. Qxe2 cxd4 17. e5 Nc5 18. Qg4 Nxd3 19. Qxg7 Kd7 20. Rd1 Nxc1 21.
Rxd4+ Kc7 22. Rxd8 Raxd8 23. Qxf7 Rd1+ 24. Kh2 Kd8 25. Qf3 Re1 26. Qxb7 Nf8 27.
Qa8+ 1-0

[Event "CHN-RUS Stars m rapid"]
[Site "Jinan"]
[Date "2019.12.12"]
[Round "2"]
[White "Fedoseev, Vladimir1"]
[Black "Hou, Yifan"]
[Result "1/2-1/2"]
[WhiteElo "2677"]
[BlackElo "2664"]
[PlyCount "124"]
[EventDate "2019.12.12"]
[EventType "match (rapid)"]
[EventRounds "4"]
[EventCountry "CHN"]
[SourceTitle "CBM 193 Extra"]
[Source "ChessBase"]
[SourceDate "2020.01.31"]
[SourceVersion "1"]
[SourceVersionDate "2020.01.31"]
[SourceQuality "1"]

1. d4 Nf6 2. c4 e6 3. Nf3 d5 4. Nc3 c5 5. cxd5 Nxd5 6. e4 Nxc3 7. bxc3 cxd4 8.
cxd4 Bb4+ 9. Bd2 Bxd2+ 10. Qxd2 O-O 11. Bd3 b6 12. O-O Ba6 13. Rac1 Bxd3 14.
Qxd3 Nd7 15. Qa6 Nf6 16. Rfe1 h6 17. Rc4 Rc8 18. Ne5 Rxc4 19. Qxc4 b5 20. Qc5
Qa5 21. Re2 Qa4 22. f3 Rd8 23. Nc6 Rd7 24. Rd2 Ne8 25. d5 exd5 26. Ne7+ Kh7 27.
Nxd5 Qc4 28. Qxc4 bxc4 29. Kf2 f5 30. Ke3 fxe4 31. fxe4 Kg8 32. Rd4 Rb7 33. Rd2
Kf7 34. Kd4 Ke6 35. Nf4+ Kf6 36. Rf2 Rb1 37. Nd3+ Ke6 38. Kxc4 Nf6 39. Kd4 Ng4
40. Rf5 Nxh2 41. Ra5 Ng4 42. Rxa7 g5 43. e5 Kf5 44. Rf7+ Ke6 45. Rc7 Kf5 46.
Rf7+ Ke6 47. Rh7 Kf5 48. a4 Rd1 49. Kc3 Nxe5 50. Nxe5 Kxe5 51. Rxh6 Rg1 52. Rh2
g4 53. a5 g3 54. Rh5+ Kf4 55. a6 Rxg2 56. Ra5 Rh2 57. a7 Rh8 58. a8=Q Rxa8 59.
Rxa8 g2 60. Rg8 Kf3 61. Kd4 Kf2 62. Ke5 g1=Q 1/2-1/2

[Event "CHN-RUS Stars m rapid"]
[Site "Jinan"]
[Date "2019.12.12"]
[Round "3"]
[White "Hou, Yifan"]
[Black "Fedoseev, Vladimir1"]
[Result "1-0"]
[WhiteElo "2664"]
[BlackElo "2677"]
[PlyCount "153"]
[EventDate "2019.12.12"]
[EventType "match (rapid)"]
[EventRounds "4"]
[EventCountry "CHN"]
[SourceTitle "CBM 193 Extra"]
[Source "ChessBase"]
[SourceDate "2020.01.31"]
[SourceVersion "1"]
[SourceVersionDate "2020.01.31"]
[SourceQuality "1"]

1. Nf3 d5 2. c4 c6 3. g3 dxc4 4. Qc2 Qd5 5. Bg2 Bf5 6. Qc3 Nf6 7. Nh4 Be4 8. f3
Bxb1 9. Rxb1 Nbd7 10. b3 cxb3 11. Rxb3 Nb6 12. f4 Qd8 13. Nf3 e6 14. Qc2 Be7
15. Bb2 Qd5 16. Nh4 Qa5 17. Bc3 Qa4 18. O-O Nbd5 19. Ba1 O-O 20. Qb1 b5 21. Nf3
Rac8 22. Ne5 a6 23. e4 Nb6 24. g4 Nc4 25. Nxc4 bxc4 26. Rg3 Rfd8 27. g5 Ne8 28.
Qd1 Qxa2 29. Bc3 Bc5+ 30. Kh1 Bd4 31. Qh5 Bxc3 32. dxc3 Rd2 33. f5 exf5 34.
exf5 Nd6 35. Rh3 Rxg2 36. Qxh7+ Kf8 37. Re3 Rxh2+ 38. Qxh2 Qxh2+ 39. Kxh2 Rb8
40. Kg3 Rb5 41. Kg4 Kg8 42. g6 Rd5 43. Rb1 Rb5 44. Rd1 Rd5 45. Rxd5 cxd5 46.
Re5 Kf8 47. Rxd5 Ne4 48. Rd4 Nxc3 49. Rxc4 Nd5 50. Rc6 a5 51. Ra6 fxg6 52. fxg6
Ke7 53. Kg5 Nc7 54. Ra7 Kd6 55. Kf5 Nd5 56. Ra6+ Kd7 57. Rxa5 Ne7+ 58. Kg5 Nc8
59. Ra6 Kc7 60. Kf5 Ne7+ 61. Ke5 Kd7 62. Rd6+ Kc7 63. Re6 Kd7 64. Rd6+ Kc7 65.
Ra6 Kd7 66. Kf4 Nd5+ 67. Kg5 Ne7 68. Ra1 Nc8 69. Rh1 Nd6 70. Rh8 Ke7 71. Rb8
Ne4+ 72. Kf5 Nd6+ 73. Ke5 Nc4+ 74. Kd5 Ne3+ 75. Ke4 Nc4 76. Rb4 Nd6+ 77. Ke5
1-0

[Event "CHN-RUS Stars m rapid"]
[Site "Jinan"]
[Date "2019.12.12"]
[Round "4"]
[White "Fedoseev, Vladimir1"]
[Black "Hou, Yifan"]
[Result "1-0"]
[WhiteElo "2677"]
[BlackElo "2664"]
[PlyCount "96"]
[EventDate "2019.12.12"]
[EventType "match (rapid)"]
[EventRounds "4"]
[EventCountry "CHN"]
[SourceTitle "CBM 193 Extra"]
[Source "ChessBase"]
[SourceDate "2020.01.31"]
[SourceVersion "1"]
[SourceVersionDate "2020.01.31"]
[SourceQuality "1"]

1. d4 Nf6 2. c4 e6 3. Nf3 d5 4. Nc3 c5 5. cxd5 Nxd5 6. e4 Nxc3 7. bxc3 cxd4 8.
cxd4 Bb4+ 9. Bd2 Bxd2+ 10. Qxd2 O-O 11. Bd3 Nc6 12. Bc2 Qa5 13. Qxa5 Nxa5 14.
Ke2 b6 15. Bd3 Bb7 16. Rhc1 Rfc8 17. Ke3 Kf8 18. g4 h6 19. h4 Ke7 20. g5 hxg5
21. hxg5 Rxc1 22. Rxc1 Rc8 23. Rxc8 Bxc8 24. Ne5 Bb7 25. Bb5 f6 26. Ng6+ Kf7
27. Nf4 a6 28. g6+ Ke7 29. Bf1 b5 30. f3 Bc6 31. d5 exd5 32. exd5 Bd7 33. Kd4
Bf5 34. Kc5 Kd7 35. Kb6 Nc4+ 36. Kxa6 Kd6 37. Kxb5 Ne3 38. Bd3 Bd7+ 39. Kb6 f5
40. Bb5 Bc8 41. a4 Ke5 42. Nd3+ Kxd5 43. Kc7 Be6 44. Nf4+ Ke5 45. Nxe6 Kxe6 46.
a5 Nd5+ 47. Kc6 Ne7+ 48. Kb7 Kd5 1-0

[Event "CHN-RUS Stars m blitz"]
[Site "Jinan"]
[Date "2019.12.13"]
[Round "1"]
[White "Fedoseev, Vladimir1"]
[Black "Hou, Yifan"]
[Result "1/2-1/2"]
[WhiteElo "2677"]
[BlackElo "2664"]
[PlyCount "116"]
[EventDate "2019.12.13"]
[EventType "match (blitz)"]
[EventRounds "8"]
[EventCountry "CHN"]
[SourceTitle "CBM 193 Extra"]
[Source "ChessBase"]
[SourceDate "2020.01.31"]
[SourceVersion "1"]
[SourceVersionDate "2020.01.31"]
[SourceQuality "1"]

1. d4 Nf6 2. c4 e6 3. Nf3 d5 4. Nc3 c5 5. cxd5 Nxd5 6. e4 Nxc3 7. bxc3 cxd4 8.
cxd4 Bb4+ 9. Bd2 Bxd2+ 10. Qxd2 O-O 11. Bd3 Nc6 12. Bc2 Qe7 13. O-O Rd8 14.
Rad1 b6 15. Rfe1 Bb7 16. d5 Na5 17. d6 Qf8 18. e5 Bxf3 19. Qd3 g6 20. Qxf3 Rac8
21. Bd3 Rc5 22. Rc1 Rdc8 23. Qe3 Qd8 24. Ba6 R8c6 25. f4 Kg7 26. a4 h6 27. Bb5
Rc8 28. d7 R8c7 29. Rxc5 Rxc5 30. Rd1 Rc7 31. h3 Nb7 32. Qg3 Nc5 33. f5 exf5
34. e6 Nxe6 35. Qe5+ Kh7 36. Qd6 Kg7 37. Qe5+ Kh7 38. Kh2 a6 39. Bxa6 Rxd7 40.
Rc1 Rd5 41. Qg3 Qd6 42. Qxd6 Rxd6 43. Bb5 Kg7 44. Rc8 Rd2 45. Rc6 f4 46. Kg1 f3
47. gxf3 Nd4 48. Rxb6 Nxf3+ 49. Kf1 Ra2 50. Rb7 g5 51. Rxf7+ Kxf7 52. Bc4+ Kf6
53. Bxa2 Nd4 54. a5 Nc6 55. a6 Ke5 56. Kf2 h5 57. Kg3 Kf5 58. Bf7 h4+ 1/2-1/2

[Event "CHN-RUS Stars m blitz"]
[Site "Jinan"]
[Date "2019.12.13"]
[Round "2"]
[White "Hou, Yifan"]
[Black "Fedoseev, Vladimir1"]
[Result "0-1"]
[WhiteElo "2664"]
[BlackElo "2677"]
[PlyCount "68"]
[EventDate "2019.12.13"]
[EventType "match (blitz)"]
[EventRounds "8"]
[EventCountry "CHN"]
[SourceTitle "CBM 193 Extra"]
[Source "ChessBase"]
[SourceDate "2020.01.31"]
[SourceVersion "1"]
[SourceVersionDate "2020.01.31"]
[SourceQuality "1"]

1. Nf3 d5 2. g3 c5 3. c4 d4 4. e3 Nc6 5. exd4 cxd4 6. d3 e5 7. Bg2 Nf6 8. O-O
Nd7 9. b3 Be7 10. Re1 O-O 11. Na3 Bb4 12. Re2 Re8 13. Nc2 Bf8 14. Rb1 a5 15.
Na3 Nc5 16. Nb5 Bf5 17. Ne1 e4 18. dxe4 Nxe4 19. Bf4 Nc3 20. Nxc3 dxc3 21. Qxd8
Raxd8 22. Rxe8 Rxe8 23. Rd1 c2 24. Ra1 Bb4 25. Bxc6 bxc6 26. Ng2 Bc3 27. Rc1
Bb2 28. Re1 Rxe1+ 29. Nxe1 c1=Q 30. Bxc1 Bxc1 31. Nf3 Bb2 32. Nd2 Bc3 33. Nf1
Bb1 34. a3 Ba2 0-1

[Event "CHN-RUS Stars m blitz"]
[Site "Jinan"]
[Date "2019.12.13"]
[Round "3"]
[White "Fedoseev, Vladimir1"]
[Black "Hou, Yifan"]
[Result "1/2-1/2"]
[WhiteElo "2677"]
[BlackElo "2664"]
[PlyCount "114"]
[EventDate "2019.12.13"]
[EventType "match (blitz)"]
[EventRounds "8"]
[EventCountry "CHN"]
[SourceTitle "CBM 193 Extra"]
[Source "ChessBase"]
[SourceDate "2020.01.31"]
[SourceVersion "1"]
[SourceVersionDate "2020.01.31"]
[SourceQuality "1"]

1. d4 Nf6 2. c4 e6 3. Nf3 b6 4. a3 Bb7 5. Bf4 Be7 6. Nc3 Nh5 7. Bd2 Nf6 8. g3
c5 9. dxc5 bxc5 10. Bg2 O-O 11. O-O d6 12. b4 Nbd7 13. Qb3 a6 14. Rfd1 Qc7 15.
Bf4 h6 16. b5 a5 17. a4 Nb6 18. Ne1 Bxg2 19. Nxg2 Rfd8 20. e4 Qb7 21. f3 d5 22.
cxd5 exd5 23. exd5 Nfxd5 24. Nxd5 Nxd5 25. Rac1 Bf6 26. Bd2 Bd4+ 27. Kh1 Nb6
28. Rf1 c4 29. Qc2 Bc5 30. Be3 Bxe3 31. Nxe3 Rd3 32. Nxc4 Rxf3 33. Rxf3 Qxf3+
34. Qg2 Qxg2+ 35. Kxg2 Rc8 36. Nxb6 Rxc1 37. Kf3 Kf8 38. Ke4 Ke7 39. Kd5 Ra1
40. Kc6 Kd8 41. Kb7 Ra2 42. Ka6 Rxh2 43. Kxa5 Kc7 44. Nd5+ Kb7 45. Kb4 Rb2+ 46.
Kc5 Ra2 47. Kb4 Rb2+ 48. Kc5 Ra2 49. Kb4 g5 50. a5 h5 51. a6+ Ka7 52. Kc5 h4
53. gxh4 gxh4 54. Nb4 Rxa6 55. bxa6 h3 56. Nd3 h2 57. Nf2 Kxa6 1/2-1/2

[Event "CHN-RUS Stars m blitz"]
[Site "Jinan"]
[Date "2019.12.13"]
[Round "4"]
[White "Hou, Yifan"]
[Black "Fedoseev, Vladimir1"]
[Result "0-1"]
[WhiteElo "2664"]
[BlackElo "2677"]
[PlyCount "102"]
[EventDate "2019.12.13"]
[EventType "match (blitz)"]
[EventRounds "8"]
[EventCountry "CHN"]
[SourceTitle "CBM 193 Extra"]
[Source "ChessBase"]
[SourceDate "2020.01.31"]
[SourceVersion "1"]
[SourceVersionDate "2020.01.31"]
[SourceQuality "1"]

1. c4 e5 2. g3 g6 3. Bg2 Bg7 4. Nc3 Ne7 5. Nf3 O-O 6. O-O d6 7. d4 Nbc6 8. d5
Nb8 9. Rb1 h6 10. b4 f5 11. c5 Nd7 12. cxd6 cxd6 13. a4 Nf6 14. b5 Bd7 15. Ba3
Be8 16. Nd2 Rc8 17. Qb3 Bf7 18. Nc4 Ne8 19. Rbc1 e4 20. Rfd1 b6 21. Qb4 Rc5 22.
Qb3 Rc7 23. a5 Rd7 24. axb6 axb6 25. Na4 Nxd5 26. Rxd5 Bxd5 27. Naxb6 Bxc4 28.
Qxc4+ Rdf7 29. Nd5 Nf6 30. Nf4 Qa8 31. Bxd6 Rd8 32. Bc7 Rdd7 33. b6 Kh7 34. Qb3
Qb7 35. Ne6 Ng4 36. Nc5 Rxc7 37. bxc7 Qxc7 38. h3 Ne5 39. Qb1 Qa7 40. Ne6 Re7
41. Nf4 e3 42. fxe3 Qxe3+ 43. Kh2 Rd7 44. Rf1 Rd2 45. Qc1 g5 46. Qb1 gxf4 47.
Qxf5+ Kg8 48. Qc8+ Kh7 49. gxf4 Qxe2 50. Qb7 Qxf1 51. fxe5 Rxg2+ 0-1

[Event "CHN-RUS Stars m blitz"]
[Site "Jinan"]
[Date "2019.12.13"]
[Round "5"]
[White "Fedoseev, Vladimir1"]
[Black "Hou, Yifan"]
[Result "1-0"]
[WhiteElo "2677"]
[BlackElo "2664"]
[PlyCount "103"]
[EventDate "2019.12.13"]
[EventType "match (blitz)"]
[EventRounds "8"]
[EventCountry "CHN"]
[SourceTitle "CBM 193 Extra"]
[Source "ChessBase"]
[SourceDate "2020.01.31"]
[SourceVersion "1"]
[SourceVersionDate "2020.01.31"]
[SourceQuality "1"]

1. d4 Nf6 2. c4 e6 3. Nf3 b6 4. a3 Bb7 5. Bf4 Be7 6. Nc3 Nh5 7. Bc1 d5 8. cxd5
exd5 9. g3 O-O 10. Bg2 Nd7 11. O-O a6 12. Ne5 Nhf6 13. Bf4 Bd6 14. Qa4 b5 15.
Qc2 Nb6 16. Nd3 Bxf4 17. Nxf4 Qd6 18. Nd3 Bc8 19. Nc5 Bg4 20. e3 Bh5 21. Ne2
Bg6 22. Qc3 Ne4 23. Qb4 Nf6 24. Nf4 Bf5 25. Rfc1 Rfb8 26. b3 Ra7 27. h4 h6 28.
Ncd3 Bxd3 29. Nxd3 Qxb4 30. Nxb4 Re8 31. Rc6 Re7 32. Rxf6 gxf6 33. Nc6 Nc8 34.
Bh3 Re6 35. Bxe6 fxe6 36. Nxa7 Nxa7 37. Rc1 c6 38. f3 Kf7 39. e4 Ke7 40. Kf2
Kd6 41. Ke3 Nc8 42. g4 Ne7 43. a4 b4 44. Rc5 Kc7 45. h5 Ng8 46. e5 fxe5 47.
dxe5 Kb6 48. Kd4 Ne7 49. a5+ Kc7 50. Rc2 Kd7 51. f4 Ke8 52. Kc5 1-0

[Event "CHN-RUS Stars m blitz"]
[Site "Jinan"]
[Date "2019.12.13"]
[Round "6"]
[White "Hou, Yifan"]
[Black "Fedoseev, Vladimir1"]
[Result "0-1"]
[WhiteElo "2664"]
[BlackElo "2677"]
[PlyCount "98"]
[EventDate "2019.12.13"]
[EventType "match (blitz)"]
[EventRounds "8"]
[EventCountry "CHN"]
[SourceTitle "CBM 193 Extra"]
[Source "ChessBase"]
[SourceDate "2020.01.31"]
[SourceVersion "1"]
[SourceVersionDate "2020.01.31"]
[SourceQuality "1"]

1. e4 c6 2. d4 d5 3. Nc3 dxe4 4. Nxe4 Nd7 5. Ng5 Ngf6 6. Bd3 g6 7. N1f3 Bg7 8.
Qe2 O-O 9. h4 h6 10. Ne4 Nxe4 11. Qxe4 Nf6 12. Qe2 Bg4 13. c3 e5 14. dxe5 Nd7
15. Bf4 Nxe5 16. Bxe5 Bxe5 17. O-O-O Bf4+ 18. Kb1 Qf6 19. h5 Rfe8 20. Qc2 Bxh5
21. Rxh5 gxh5 22. Nd4 Rad8 23. Nf5 Re5 24. Nd4 c5 25. Ne2 Ree8 26. Rh1 h4 27.
a3 c4 28. Bh7+ Kg7 29. Nd4 Be5 30. Nf3 b5 31. Rxh4 Bc7 32. Be4 Bb6 33. Rg4+ Kf8
34. Bh7 Re6 35. Ka2 Ke7 36. Bf5 Red6 37. Qe2+ Kf8 38. Bh7 Re6 39. Qc2 h5 40.
Rh4 Rd5 41. Be4 Rc5 42. Rh3 Rd6 43. Nd4 Re5 44. Rf3 Qg5 45. Nf5 Rd2 46. Qb1
Rxf2 47. Rxf2 Bxf2 48. Nd6 Qd2 49. Qf1 Qxd6 0-1

[Event "CHN-RUS Stars m blitz"]
[Site "Jinan"]
[Date "2019.12.13"]
[Round "7"]
[White "Fedoseev, Vladimir1"]
[Black "Hou, Yifan"]
[Result "1-0"]
[WhiteElo "2677"]
[BlackElo "2664"]
[PlyCount "79"]
[EventDate "2019.12.13"]
[EventType "match (blitz)"]
[EventRounds "8"]
[EventCountry "CHN"]
[SourceTitle "CBM 193 Extra"]
[Source "ChessBase"]
[SourceDate "2020.01.31"]
[SourceVersion "1"]
[SourceVersionDate "2020.01.31"]
[SourceQuality "1"]

1. d4 Nf6 2. c4 e6 3. Nf3 b6 4. a3 Bb7 5. Bf4 d6 6. Nc3 g6 7. Qc2 Bxf3 8. exf3
Bg7 9. Be2 O-O 10. Rd1 Nc6 11. O-O Ne7 12. d5 e5 13. Bc1 Nh5 14. g3 f5 15. b4
Nf6 16. Rfe1 h6 17. f4 Kh7 18. f3 Nd7 19. fxe5 dxe5 20. Be3 Nf6 21. Bf2 Qd7 22.
c5 bxc5 23. bxc5 Rad8 24. Bc4 e4 25. c6 Qc8 26. Bc5 Rfe8 27. Qb3 Neg8 28. Nb5
exf3 29. Qxf3 Ne4 30. Bxa7 Ngf6 31. Bd4 Qa8 32. Nxc7 Qa4 33. Qb3 Qxb3 34. Bxb3
Re7 35. Ne6 Rb8 36. c7 Rc8 37. Nxg7 Rxg7 38. d6 Nxd6 39. Bxf6 Rgxc7 40. Rxd6
1-0

[Event "CHN-RUS Stars m blitz"]
[Site "Jinan"]
[Date "2019.12.13"]
[Round "8"]
[White "Hou, Yifan"]
[Black "Fedoseev, Vladimir1"]
[Result "0-1"]
[WhiteElo "2664"]
[BlackElo "2677"]
[PlyCount "82"]
[EventDate "2019.12.13"]
[EventType "match (blitz)"]
[EventRounds "8"]
[EventCountry "CHN"]
[SourceTitle "CBM 193 Extra"]
[Source "ChessBase"]
[SourceDate "2020.01.31"]
[SourceVersion "1"]
[SourceVersionDate "2020.01.31"]
[SourceQuality "1"]

1. e4 c6 2. d4 d5 3. e5 Bf5 4. Nf3 e6 5. Be2 h6 6. Nbd2 Ne7 7. Nb3 a5 8. a4 Nd7
9. Bd2 Bh7 10. O-O Ng6 11. Qe1 b6 12. c4 Be7 13. Rc1 dxc4 14. Bxc4 Rc8 15. Ba6
Rc7 16. Nxa5 Qa8 17. Rxc6 Rxc6 18. Bb7 Qa7 19. Bxc6 bxa5 20. d5 O-O 21. d6 Bd8
22. Qe2 Bb6 23. Qb5 Rd8 24. Bxd7 Rxd7 25. Qc6 Nf8 26. Qc8 Rd8 27. Qc6 Nd7 28.
h3 Bd3 29. Rc1 Ba6 30. Qc2 Bxf2+ 31. Kh2 Bb6 32. Bc3 Rc8 33. Qd2 Be3 34. Bd4
Qxd4 35. Rxc8+ Bxc8 36. Qxd4 Bxd4 37. Nxd4 Nxe5 38. Nb3 Nc4 39. Kg3 Kf8 40. Kf4
Ke8 41. Ke4 Nxd6+ 0-1

[Event "Asia Cup U14"]
[Site "Shenzhen"]
[Date "2019.12.19"]
[Round "1.1"]
[White "Hou, Yifan B"]
[Black "Daneshvar, Bardiya"]
[Result "1/2-1/2"]
[WhiteElo "2124"]
[BlackElo "2330"]
[PlyCount "100"]
[EventDate "2019.12.19"]
[EventType "team-tourn"]
[EventRounds "9"]
[EventCountry "CHN"]
[SourceTitle "CBM 194 Extra"]
[Source "ChessBase"]
[SourceDate "2020.03.31"]
[SourceVersion "1"]
[SourceVersionDate "2020.03.31"]
[SourceQuality "1"]
[WhiteTeam "China II"]
[BlackTeam "Iran"]
[WhiteTeamCountry "CHN"]
[BlackTeamCountry "IRI"]

1. d4 d5 2. Nf3 Nf6 3. c4 e6 4. g3 dxc4 5. Bg2 Bb4+ 6. Bd2 a5 7. Bxb4 axb4 8.
Ne5 c5 9. dxc5 Qxd1+ 10. Kxd1 Nbd7 11. Nxc4 Nxc5 12. Nbd2 Ke7 13. Kc2 Bd7 14.
Nb6 Ra6 15. Nxd7 Nfxd7 16. b3 Ne5 17. h3 g5 18. Rhd1 f5 19. Nf3 Nf7 20. Rd4 Rb6
21. Nd2 Nd6 22. Kb2 Ra8 23. Rc1 Rb5 24. Nc4 Nde4 25. Bxe4 Nxe4 26. a4 bxa3+ 27.
Nxa3 Rba5 28. Rc7+ Kf6 29. Nc2 h5 30. f4 Rg8 31. h4 gxh4 32. gxh4 Rg4 33. e3
Rc5 34. Rh7 Rg2 35. Rc4 Rxc4 36. bxc4 Nd6 37. Rxh5 Nxc4+ 38. Kc3 Nd6 39. Rh6+
Kf7 40. Nd4 Ne4+ 41. Kc4 Nf6 42. Rh8 Rg3 43. Nc2 Nd5 44. Kd4 b6 45. h5 Kg7 46.
Re8 Kf7 47. Rh8 Rh3 48. Rh7+ Kf6 49. Rh6+ Kf7 50. Rh7+ Kf6 1/2-1/2

[Event "Asia Cup U14"]
[Site "Shenzhen"]
[Date "2019.12.20"]
[Round "2.1"]
[White "Li, Shanglin"]
[Black "Hou, Yifan B"]
[Result "1/2-1/2"]
[WhiteElo "2020"]
[BlackElo "2124"]
[PlyCount "52"]
[EventDate "2019.12.19"]
[EventType "team-tourn"]
[EventRounds "9"]
[EventCountry "CHN"]
[SourceTitle "CBM 194 Extra"]
[Source "ChessBase"]
[SourceDate "2020.03.31"]
[SourceVersion "1"]
[SourceVersionDate "2020.03.31"]
[SourceQuality "1"]
[WhiteTeam "China III"]
[BlackTeam "China II"]
[WhiteTeamCountry "CHN"]
[BlackTeamCountry "CHN"]

1. d4 Nf6 2. c4 e6 3. Nc3 Bb4 4. Bd2 d5 5. e3 O-O 6. Nf3 b6 7. cxd5 exd5 8. Bd3
c5 9. a3 Bxc3 10. Bxc3 c4 11. Bc2 Bg4 12. Qd2 Ne4 13. Bxe4 dxe4 14. Ne5 Be6 15.
d5 Qxd5 16. Qxd5 Bxd5 17. O-O-O Be6 18. Rd4 f6 19. Nxc4 Nc6 20. Rd6 Bxc4 21.
Rxc6 Rac8 22. Rxc8 Rxc8 23. Rd1 Bd3 24. Kd2 Kf7 25. Rc1 Ke6 26. Ke1 Kf5 1/2-1/2